00748nam a22001817a 4500999001500000003000400015008004100019020002000060100001700080245004200097250000900139260006100148300000800209650001800217942001200235952016000247952015900407 c9056d9056OSt200715b ||||| |||| 00| 0 eng d a 978-8123918747 aKar,Ashutosh aChemistry of Natural Products, Vol. 1 a2018 aNew DelhibCBS Publishers & Distributors Pvt. Ltd.c2018 a501 aPharmacognosy 2ddccBK 00102ddc40708BPaPIETbPIETd2020-02-01eKirti PrakashanfIndian Rupg495.00kIN6239l0o547.7 KACpBP673r2020-07-15 00:00:00v319.28w2020-02-01yREF 00102ddc40708BPaPIETbPIETd2020-02-01eKirti PrakashanfIndian Rupg495.00kIN6239l0o547.7 KACpBP674r2020-07-15 00:00:00v319.28w2020-02-01yBK